[Janko Jesenský počas vojenskej služby]

Zobrazenie: Janko Jesenský s dôstojníkmi počas prvej svetovej vojny, r. 1917. Na obr.: stojaci zľava Ján Korman, A. Klepáč, Cyril Paulíny, p. Vnuk, M. Gavura, Ján Zachar, Gustáv Paulíny, Zdenko Houdek, Dušan Makovický; sediaci zľava O. Houdek, Janko Jesenský, Vladimír Ladislav Hurban, Jozef Gregor T...

Full description

Bibliographic Details
Format: Photo
Language:Slovak
PhysicalDescription:1 fotografia čb 9 x 14 cm
Published: [S.l. s.n.] 1917
Subjects:

MARC

LEADER 00000nkmaa2200000 a 4500
001 vtls011771044
003 SK-MaSNL
005 20260301144034.0
007 kh bo
008 230802s1917 ru | ||00 k|slo
035 |a urn:nbn:sk:snk-km00dwa4 
035 |a urn:nbn:sk:snk-km3m10h 
035 |a 6D9F39EB-E113-483F-B590-0E4F6156D3FF 
040 |a SNKLA  |b slo  |c SNKLA  |e AACR2 
041 0 |a slo 
044 |a ru  |c RU 
245 0 0 |a [Janko Jesenský počas vojenskej služby]  |h grafika 
260 |a [S.l.  |b s.n.]  |c 1917 
300 |a 1 fotografia  |b čb  |c 9 x 14 cm 
520 2 |a Zobrazenie: Janko Jesenský s dôstojníkmi počas prvej svetovej vojny, r. 1917. Na obr.: stojaci zľava Ján Korman, A. Klepáč, Cyril Paulíny, p. Vnuk, M. Gavura, Ján Zachar, Gustáv Paulíny, Zdenko Houdek, Dušan Makovický; sediaci zľava O. Houdek, Janko Jesenský, Vladimír Ladislav Hurban, Jozef Gregor Tajovský, M. Miškóci, Peter Marendiak, Miloš Ruppeldt. 
600 1 7 |a Jesenský, Janko,  |d 1874-1945  |2 SNKMA  |9 185488 
600 1 7 |a Korman, Ján  |2 SNKLA  |9 345278 
600 1 7 |a Klepáč, A.  |2 SNKLA  |9 501807 
600 1 7 |a Paulíny, Cyril  |2 SNKLA  |9 364866 
600 1 7 |a Gavura, M.  |2 SNKLA  |9 501808 
600 1 7 |a Zachar, Ján  |2 SNKLA  |9 501809 
600 1 7 |a Paulíny, Gustáv  |2 SNKLA  |9 501810 
600 1 7 |a Houdek, Zdenko,  |d 1893-1966  |2 SNKLA  |9 364867 
600 1 7 |a Makovický, Dušan  |2 SNKLA  |9 501811 
600 1 7 |a Houdek, Otomar,  |d 1883-1960  |2 SNKLA  |9 256688 
600 1 7 |a Hurban, Vladimír Ladislav,  |d 1883-1949  |2 SNKMA  |9 80972 
600 1 7 |a Tajovský, Jozef Gregor,  |d 1874-1940  |2 SNKMA  |9 37212 
600 1 7 |a Miškóci, M.  |2 SNKLA  |9 274512 
600 1 7 |a Marendiak, Peter,  |d 1885-1942  |2 SNKLA  |9 440693 
600 1 7 |a Ruppeldt, Miloš,  |d 1881-1943  |2 SNKMA  |9 103800 
650 0 7 |a prvá svetová vojna (1914-1918)  |2 SNKPH  |9 162650 
655 7 |a fotografie  |2 SNKPH  |9 70713 
852 7 |a Slovenská národná knižnica  |b Literárny archív 
958 |a BLA 
958 |a ZO 
999 |c 775751  |d 777681 
952 |a SNKLA  |b SNKLA  |c SNKLA_DEP  |y NEVYP  |7 0  |p 17A1226919  |o snkK 6/187  |i snkLA 6903/1980  |0 0  |1 0  |4 0  |d 2018-08-07  |f 1  |l 0  |r 2026-02-24 00:48:44  |w 2026-02-24